书目信息 |
| 题名: |
教学法三讲
|
|
| 作者: | 萧承慎 著 | |
| 分册: | ||
| 出版信息: | 福州 福建教育出版社 2010 |
|
| 页数: | 20,141,62页 | |
| 开本: | 21cm | |
| 丛书名: | 二十世纪中国教育名著丛编 | |
| 单 册: | ||
| 中图分类: | G424.1 | |
| 科图分类: | ||
| 主题词: | 教学法--研究 , 教学法 | |
| 电子资源: | ||
| ISBN: | 978-7-5334-5269-8 | |
| 000 | 00838oam2 2200277 45 | |
| 001 | 1138482000 | |
| 005 | 20110419094839.79 | |
| 010 | @a978-7-5334-5269-8@dCNY29.80 | |
| 100 | @a20110408d2010 em y0chiy0110 ea | |
| 101 | 0 | @achi |
| 102 | @aCN@b350000 | |
| 105 | @aa z 000yy | |
| 106 | @ar | |
| 200 | 1 | @a教学法三讲@AJiao Xue Fa San Jiang@f萧承慎著@FXiao Cheng Shen Zhu |
| 205 | @a2版 | |
| 210 | @a福州@c福建教育出版社@d2010 | |
| 215 | @a20,141,62页@c图@d21cm | |
| 225 | 2 | @a二十世纪中国教育名著丛编 |
| 330 | @a本书内容包括:教学法在我国之进展、教学之基本概论、教职之特性及教师之人格。 | |
| 461 | 0 | @12001 @a二十世纪中国教育名著丛编 |
| 606 | 0 | @a教学法@x研究 |
| 606 | 0 | @a教学法 |
| 690 | @aG424.1@v4 | |
| 701 | 0 | @a萧承慎@AXiao Cheng Shen@4著 |
| 801 | 0 | @aCN@bTANGWEI@c20110419 |
| 905 | @b0536103-07@dG424.1@e234=2@f5 | |
| 教学法三讲/萧承慎著.-2版.-福州:福建教育出版社,2010 |
| 20,141,62页:图;21cm.-(二十世纪中国教育名著丛编) |
| ISBN 978-7-5334-5269-8:CNY29.80 |
| 本书内容包括:教学法在我国之进展、教学之基本概论、教职之特性及教师之人格。 |
| ● |
| 相关链接 |
|
|
|
|
正题名:教学法三讲
索取号:G424.1/234=2
 
预约/预借
| 序号 | 登录号 | 条形码 | 馆藏地/架位号 | 状态 | 备注 |
| 1 | 0536103 | 205361035 | 第一样本阅览室/ [索取号:G424.1/234=2] | 在馆 | |
| 2 | 0536104 | 205361044 | 第四借阅区/ [索取号:G424.1/234=2] | 在馆 | |
| 3 | 0536105 | 205361053 | 教育系资料室/ [索取号:G424.1/234=2] | 在馆 | |
| 4 | 0536106 | 205361062 | 第四借阅区/ [索取号:G424.1/234=2] | 在馆 | |
| 5 | 0536107 | 205361071 | 第四借阅区/ [索取号:G424.1/234=2] | 在馆 |